Szczegóły MARC21

Polityka społeczna a polityka gospodarcza Polski, wobec nowych wyzwań : praca zbiorowa /

003 -Nazwa inst., której nr kontr. jest w polu 001 [,]
    • @
    • Nazwa instytucji, której n kontrolny jest w polu 001
    • NUKAT
005 -DATA I CZAS OSTATNIEJ MODYFIKACJI [,]
    • @
    • pole kontrolne
    • 20241231100447.0
020 -Międzynarod. znormalizowany nr książki - ISBN [ , ]
    • a
    • Numer ISBN
    • 8389709937 Find
040 -Instytucja sporządzająca opis [ , ]
    • a
    • Instytucja, która sporządziła opis (NP)
    • WR O/dja
    • c
    • Instytucja, która sporządziła rekord (NP)
    • WR O/dja
    • d
    • Instytucja, która zmodyfikowała rekord (P)
    • WR O/djas
    • d
    • Instytucja, która zmodyfikowała rekord (P)
    • WR O/PC
942 -Rodzaj dokumentu [ , ]
    • c
    • Rodzaj dokumentu
    • Książka
245 -Strefa tytułu i oznaczenia odpowiedzialności [0,0]
    • a
    • Tytuł
    • Polityka społeczna a polityka gospodarcza Polski, wobec nowych wyzwań : Find
    • b
    • Ciąg dalszy tytułu (NP)
    • praca zbiorowa / Find
    • c
    • Pozostałe elementy strefy tytułu i oznaczenia odpowiedzialności (NP)
    • pod red. Izabeli Aldony Trzpil ; Akademia Humanistyczna imienia Aleksandra Gieysztora.
260 -Strefa adresu wydawniczego [ , ]
    • a
    • Miejsce wydania (P)
    • Pułtusk :
    • b
    • Nazwa wydawcy (P)
    • Akademia Humanistyczna im. Aleksandra Gieysztora,
    • c
    • Data wydania (P)
    • 2006.
300 -Strefa opisu fizycznego [ , ]
    • a
    • Określenie formy książki i/lub objętość (NP)
    • 145 s. ;
    • c
    • Format (NP)
    • 21 cm.
336 -Typ zawartości [ , ]
    • a
    • Termin opisujący typ zawartości
    • Tekst
    • b
    • Kod określający zawartość
    • txt
    • 2
    • Źródło (terminu i kodu)
    • rdacontent
337 -Typ mediów [ , ]
    • a
    • Tryb odtwarzania
    • Bez urządzenia pośredniczącego
    • b
    • Kod typu mediów
    • n
    • 2
    • Źródło (terminu i kodu)
    • rdamedia
338 -Typ/rodzaj nośnika [ , ]
    • a
    • Hasło opisujące typ nośnika
    • Wolumin
    • b
    • Kod typu nośnika
    • nc
    • 2
    • Źródło (terminu i kodu)
    • rdacarrier
490 -Strefa serii i książki wielotomowej - forma nie do wyszukiwania [1, ]
    • a
    • Tytuł (P)
    • Człowiek, Społeczeństwo, Polityka : Projekt Wydziału Nauk Politycznych ; Find
    • v
    • Numeracja (P)
    • t. 6
830 -Hasło dodatkowe serii i opisu książki wielotomowej - tytuł ujednolicony/tytuł [ ,0]
    • a
    • Tytuł ujednolicony/tytuł (NP)
    • Człowiek, Społeczeństwo, Polityka
    • v
    • Oznaczenie tomu (NP)
    • t. 6
    • 9
    • KHW
    • 99789
500 -Uwaga ogólna [ , ]
    • a
    • Uwaga ogólna (NP)
    • Materiały z konferencji, Pułtusk, 3 marca 2006 r.
080 -Uniwersalna Klasyfikacja Dziesiętna [ , ]
    • 2
    • Identyfikator wydania tablic
    • UDC-P058
    • 9
    • UKD
    • 2710
    • a
    • Symbol klasyfikacji
    • 304
    • b
    • Dopowiedzenie
    • Ogólne zagadnienia społeczne. Polityka społeczna.
    • 4
    • UKD2
    • 7642
    • x
    • Poddział wspólny
    • (438)
    • c
    • Dopowiedzenie poddz. wspólnego
    • (Polska).
080 -Uniwersalna Klasyfikacja Dziesiętna [ , ]
    • 2
    • Identyfikator wydania tablic
    • BN KHW UKD
    • 9
    • UKD
    • 84813
    • a
    • Symbol klasyfikacji
    • 332.14(438)
    • b
    • Dopowiedzenie
    • Regionalna, terytorialna polityka gospodarcza w Polsce. Planowanie gospodarcze w Polsce. Planowanie terenowe w Polsce. Prognozy gospodarcze w Polsce
651 -Hasło przedmiotowe w formie nazwy geograficznej [ ,7]
    • a
    • Nazwa geograficzna
    • Polska
    • x
    • Określnik rzeczowy
    • polityka społeczna
    • y
    • Określnik chronologiczny
    • 1989-
    • v
    • Określnik formalny
    • konferencje.
    • 2
    • Źródło terminu
    • kaba
    • 9
    • KHW
    • 355448
651 -Hasło przedmiotowe w formie nazwy geograficznej [ ,7]
    • a
    • Nazwa geograficzna
    • Polska
    • x
    • Określnik rzeczowy
    • polityka gospodarcza
    • y
    • Określnik chronologiczny
    • 1989-
    • v
    • Określnik formalny
    • konferencje.
    • 2
    • Źródło terminu
    • kaba
    • 9
    • KHW
    • 355449
980 -Symbol UKD [ , ]
    • a
    • UKD
    • 304(438):332.14(438)
700 -Hasło dodatkowe - nazwa osobowa [1, ]
    • a
    • Nazwa osobowa (NP)
    • Trzpil, Izabela Aldona. Find
    • e
    • Określenie rodzaju współpracy
    • Red.
    • 9
    • KHW
    • 99788
920 -ISBN [ , ]
    • a
    • ISBN
    • 83-89709-93-7 Find
Numer inwentarzowy Sygnatura Status udost. Lokalizacja Data inwentaryzacji
GW.76813-3BE2016-04-22
GW.76823-3BE2016-04-22